000 00692nam a22002297a 4500
003 UA-OsUOA
001 36831
007 ta
008 20060215b un ||||| |||| 00| 0 ukr d
090 _a94(477).01/02
_bК66
942 _cBK
040 _aUA-OsUOA
_bukr
_cUA-OsUOA
_dUA-OsUOA
245 _aКорінь безсмертної України і українського народу
_cУпоряд. В. Паїк
300 _a236 с.
955 _a2
041 _aukr
080 _a94(477).01/02
020 _a5-7707-0708-9
260 _aЛьвів
_b"Червона калина"
_c1995
650 7 _a9 Географія. Біографії. Історія
_2UDC
999 _c323091
_d323091